Sudden Death - Countries Without Borders - Statistics

General Stats
  • This quiz has been taken 26 times
  • The average score is 4 of 15
Answers on the Grid
Answers color-coded by a green-red scale on the quiz's grid according to % correct below.
Antigua and Barbuda
Australia
Bahrain
Belize
Cyprus
Denmark
Dominican Republic
Ecuador
Finland
Guinea
Haiti
Honduras
Iceland
Ireland
Jamaica
Malta
Nauru
North Korea
Norway
Palau
Qatar
Saint Vincent and the Grenadines
Sao Tome and Principe
Senegal
Singapore
Sri Lanka
Taiwan
Tonga
Tuvalu
United Kingdom
 
Answer Stats
Answer % Correct
Antigua and Barbuda
86%
Australia
50%
Cyprus
36%
Iceland
29%
Jamaica
29%
Taiwan
29%
Saint Vincent and the Grenadines
21%
Malta
14%
Nauru
14%
Sao Tome and Principe
14%
Tonga
14%
Palau
7%
Sri Lanka
7%
Tuvalu
7%
Singapore
0%
No matching quizzes found
Score Distribution
Percent of People with Each Score
Percentile by Number Answered
Your Score History
You have not taken this quiz